Statistics for Teams in the German Bundesliga

Click here to take the quiz!

General Stats

  • This quiz has been taken 2,637 times
  • The average score is 26 of 52

Answer Stats

Total pointsTeam% Correct
3,095FC Bayern München
100%
2,350Borussia Dortmund
98%
2,119FC Schalke 04
88%
2,513Hamburger SV
88%
2,530SV Werder Bremen
84%
1,721Bayer 04 Leverkusen
80%
2,190Borussia Mönchengladbach
80%
1,372Hertha BSC Berlin
80%
1,980Eintracht Frankfurt
79%
698VfL Wolfsburg
78%
965Hannover 96
70%
1,2291. FC Nürnberg
67%
2591. FSV Mainz 05
67%
20VfB Leipzig
67%
2,1401. FC Köln
65%
514SC Freiburg
64%
181TSG 1899 Hoffenheim
64%
38FC Augsburg
62%
920Fortuna Düsseldorf
62%
2,0941. FC Kaiserslautern
61%
140Dynamo Dresden
59%
884TSV 1860 München
58%
2,431VfB Stuttgart
56%
1,374VfL Bochum
54%
254FC St. Pauli
52%
0SpVgg Greuther Fürth
51%
479FC Hansa Rostock
48%
598DSC Arminia Bielefeld
47%
878Eintracht Braunschweig
47%
953Karlsruher SC
44%
1,147MSV Duisburg
43%
262Rot-Weiss Essen
43%
157Alemannia Aachen
41%
211FC Energie Cottbus
37%
54SV Darmstadt 98
37%
1441. FC Saarbrücken
33%
285SV Waldhof Mannheim
33%
77Stuttgarter Kickers
29%
10SC Tasmania 1900 Berlin
27%
30SC Preußen Münster
26%
79SpVgg Unterhaching
26%
35SSV Ulm 1846
26%
33SC Fortuna Köln
25%
282Kickers Offenbach
24%
543KFC Uerdingen 05
23%
102Wuppertaler SV Borussia
20%
139Rot-Weiß Oberhausen
19%
49Tennis Borussia Berlin
19%
150SG Wattenscheid 09
17%
90FC 08 Homburg
15%
93Borussia Neunkirchen
12%
21SpVgg Blau-Weiß 90 Berlin
12%

Score Distribution

Percentile by Number Answered

Percent of People with Each Score

Your Score History

You have not taken this quiz